000 00786nam a22001817a 4500
003 UA-OsUOA
001 16124
007 ta
008 20031220b un ||||| |||| 00| 0 ukr d
100 _aБутрим В.
942 _cSA
040 _aUA-OsUOA
_cUA-OsUOA
_dUA-OsUOA
245 _aСпоживча кооперація: звіти і вибори: [Спожив. кооперація Володимирец. р-ну за звіт. період з 1999 по 2003 рр. та прогр. розвитку спожив. кооперації на найближчі 5 років]
300 _aС.3
955 _a0
773 0 _w0
_tВолодимирецький вісник
_dВолодимирець
_d2003
_g№95/96/ 29 листоп./
650 7 _aКраєзнавча робота
_2UDC
999 _c302289
_d302289